Score 0/26 Timer 03:00
0 Plays Today
Clue 4-Letter Word % Correct
■ Episode: ____ Up and Dance ■
OR not ajar
SHUT
90.8%
Wild pigBOAR
90.1%
Pig meatPORK
89.8%
Not thisTHAT
89.5%
■ Episode: Be Right ____
OR reverse side
BACK
89.4%
Narrow, slimTHIN
88%
■ Episode: Men Against ____
OR dismiss from a job
FIRE
87.3%
The lower legSHIN
86.8%
■ Episode: White ____
OR ursine animal
BEAR
86.5%
Perspiration-dispensing skin holePORE
86.2%
At the front; a reason for golfers to duckFORE
84.8%
Comparison termTHAN
84.7%
Avoid, eschew, rejectSHUN
83.1%
Clue 4-Letter Word % Correct
Filmed the discharge of a weapon?SHOT
82.9%
Benefit of a jobPERK
82%
Mountaineer's goalPEAK
81.5%
Start a computer with a kick?BOOT
80.7%
Black carbon powderSOOT
79.7%
Milk-suckling conduitTEAT
79%
Lab procedureTEST
78.1%
Bartlett or Anjou, e.g.PEAR
77.4%
An uncouth person; a loutBOOR
77.2%
Agreement, covenantPACT
77.1%
Historian's studyPAST
76.5%
Destructive nuisancePEST
75.9%
A collection of items, or their containerPACK
75%

Today's Daily Dose

Remove Ads.
Support Sporcle.
Get the best of Sporcle when you Go Orange. This ad-free experience offers more features, more stats, and more fun while also helping to support Sporcle. Thank you for becoming a member.

You're not logged in!

Compare scores with friends on all Sporcle quizzes.
OR
Log In

Show Comments

Extras

Top Quizzes Today


Score Distribution

Your Account Isn't Verified!

In order to create a playlist on Sporcle, you need to verify the email address you used during registration. Go to your Sporcle Settings to finish the process.

Report this User

Report this user for behavior that violates our Community Guidelines.

Details: